[Event "CYCC U16 w"]
[Site "Hamilton CAN"]
[Date "2022.07.08"]
[Round "1.35"]
[White "Tsukerman, Julia"]
[Black "Jain, Ankita"]
[Result "1-0"]
[WhiteElo "1860"]
[BlackElo "1378"]
[PlyCount "124"]
[EventDate "2022.07.08"]
[EventType "swiss"]
[EventRounds "7"]
[EventCountry "CAN"]

1. e4 c6 2. d4 d5 3. exd5 cxd5 4. Bd3 Nc6 5. c3 Nf6 6. h3 e6 7. Nf3 Bd6 8. O-O
Bd7 9. Re1 Qc7 10. Qe2 h6 11. Ne5 g5 12. f4 Rg8 13. f5 Nxe5 14. dxe5 Bc5+ 15.
Be3 Ne4 16. fxe6 Bxe6 17. Nd2 Bxe3+ 18. Qxe3 Nxd2 19. Qxd2 Qc5+ 20. Kh1 g4 21.
h4 g3 22. Qxh6 O-O-O 23. Qf6 Rh8 24. Bf5 Kb8 25. Rf1 Qc4 26. Bxe6 fxe6 27. Rf4
Qe2 28. Qxe6 Qxb2 29. Raf1 Qe2 30. Qh3 Qxe5 31. Qxg3 Ka8 32. Qh3 a6 33. Qd3 Rc8
34. Qd4 Qe2 35. R1f2 Qe7 36. Kh2 Rcg8 37. g3 Qe6 38. Rf6 Qe1 39. Rf7 Qe6 40.
Qb4 Rb8 41. Qd4 Qd6 42. R7f6 Qc7 43. R6f4 Rbg8 44. Qxd5 Qxc3 45. Qf3 Qc7 46.
Re2 Rd8 47. Kg2 Rhg8 48. Ra4 Kb8 49. Qf4 Qxf4 50. Rxf4 Rd3 51. Rf3 Rd4 52. Kh2
b5 53. Ref2 Kb7 54. Rf4 Rd3 55. g4 Re8 56. Kg2 a5 57. Rf7+ Kc6 58. g5 Re4 59.
R7f4 Re8 60. g6 Ree3 61. R4f3 Rxf3 62. Rxf3 Rxf3 1-0

[Event "CYCC U16 w"]
[Site "Hamilton CAN"]
[Date "2022.07.08"]
[Round "1.36"]
[White "Geillon-Barral, Roween"]
[Black "Wang, Rachel"]
[Result "0-1"]
[WhiteElo "1066"]
[BlackElo "1850"]
[PlyCount "122"]
[EventDate "2022.07.08"]
[EventType "swiss"]
[EventRounds "7"]
[EventCountry "CAN"]

1. e4 c5 2. Nc3 Nc6 3. d3 e6 4. g3 g6 5. Bg2 Bg7 6. Bd2 Nge7 7. f4 d6 8. Nh3
Rb8 9. Qe2 Nd4 10. Qd1 Bd7 11. O-O b5 12. Rb1 O-O 13. Ne2 Qc8 14. Nf2 Nec6 15.
c3 Nxe2+ 16. Qxe2 b4 17. Ng4 Qa6 18. Ra1 bxc3 19. Bxc3 Nd4 20. Qd2 h5 21. Ne3
Bb5 22. Rfd1 Ba4 23. b3 Bd7 24. h4 Ne2+ 25. Qxe2 Bxc3 26. Rac1 Bd4 27. Rc2 Qb6
28. Kh2 a5 29. g4 Qd8 30. Kg3 hxg4 31. Nxg4 Kg7 32. e5 Rh8 33. Nf6 dxe5 34.
fxe5 Qc7 35. Nxd7 Qxd7 36. Re1 Rh5 37. Qf3 Bxe5+ 38. Kf2 Rf5 39. Rxe5 Rxf3+ 40.
Bxf3 Qd4+ 41. Re3 Qxh4+ 42. Ke2 Qh2+ 43. Kd1 Qg1+ 44. Kd2 Qf2+ 45. Be2 Qf4 46.
Rc4 Qh6 47. Rxc5 f5 48. Rce5 f4 49. Rf3 g5 50. Re4 Rb4 51. d4 Qg6 52. Kd3 Kf6
53. Bd1 e5 54. a3 Rxd4+ 55. Kc3 Qxe4 56. Rh3 Rxd1 57. b4 Qd4+ 58. Kb3 Rb1+ 59.
Kc2 Qb2+ 60. Kd3 Qb3+ 61. Ke4 Re1+ 0-1

[Event "CYCC U16 w"]
[Site "Hamilton CAN"]
[Date "2022.07.08"]
[Round "2.3"]
[White "Wang, Rachel"]
[Black "Guo, Veronica (Yu Han)"]
[Result "0-1"]
[WhiteElo "1850"]
[BlackElo "1984"]
[PlyCount "106"]
[EventDate "2022.07.08"]
[EventType "swiss"]
[EventRounds "7"]
[EventCountry "CAN"]

1. d4 d5 2. c4 e6 3. Nf3 Nf6 4. e3 Be7 5. Nc3 O-O 6. Bd3 b6 7. O-O dxc4 8. Bxc4
Bb7 9. Qc2 c5 10. Rd1 Qc7 11. b3 Nbd7 12. Bb2 Ng4 13. Ne4 Rac8 14. d5 exd5 15.
Bxd5 Ndf6 16. Bxb7 Qxb7 17. Nd6 Bxd6 18. Rxd6 Ne4 19. Ng5 Nxg5 20. Qf5 Qe7 21.
Rd7 Nxe3 22. Qd3 Nh3+ 23. Kh1 Nxf2+ 24. Kg1 Nxd3 25. Rxe7 Nf5 26. Re2 Nxb2 27.
Rxb2 Nd4 28. Kf2 Rfe8 29. Rd1 f6 30. b4 Re7 31. Rdd2 Kf7 32. a4 Rce8 33. bxc5
bxc5 34. a5 Re2+ 35. Rxe2 Rxe2+ 36. Rxe2 Nxe2 37. Kxe2 Ke6 38. Kd3 Kd5 39. g3
c4+ 40. Kc3 Kc5 41. h3 Kb5 42. g4 h5 43. a6 hxg4 44. hxg4 g5 45. Kd4 Kb4 46.
Kd5 c3 47. Kc6 c2 48. Kb7 c1=Q 49. Kxa7 Kb5 50. Kb7 Qc6+ 51. Ka7 Qd7+ 52. Kb8
Kb6 53. a7 Qd8# 0-1

[Event "CYCC U16 w"]
[Site "Hamilton CAN"]
[Date "2022.07.08"]
[Round "2.4"]
[White "Gilani, Mysha"]
[Black "Tsukerman, Julia"]
[Result "0-1"]
[WhiteElo "1701"]
[BlackElo "1860"]
[PlyCount "156"]
[EventDate "2022.07.08"]
[EventType "swiss"]
[EventRounds "7"]
[EventCountry "CAN"]

1. d4 d5 2. c4 e6 3. Nc3 Be7 4. cxd5 exd5 5. Bf4 c6 6. e3 Bf5 7. Be2 Nf6 8. Nf3
O-O 9. O-O Nbd7 10. Rc1 Re8 11. Nd2 Nf8 12. Bg3 Bd6 13. Bxd6 Qxd6 14. Nb3 Ne6
15. Na4 Qb4 16. Nc3 Ne4 17. Bd3 Rad8 18. a3 Qe7 19. Qc2 Nf8 20. Rfe1 Bg6 21.
Nxe4 dxe4 22. Bc4 Ne6 23. Bxe6 Qxe6 24. Nc5 Qc8 25. Qb3 Re7 26. Rc3 Rd5 27.
Rec1 Rh5 28. d5 Qb8 29. dxc6 Qxh2+ 30. Kf1 bxc6 31. Na6 h6 32. Qb8+ Qxb8 33.
Nxb8 Rb7 34. Nxc6 Rxb2 35. R1c2 Rb1+ 36. Ke2 Rhh1 37. Rc4 Rhe1+ 38. Kd2 Red1+
39. Ke2 Bh5+ 40. f3 Re1+ 41. Kf2 Rf1+ 42. Kg3 exf3 43. Rc5 fxg2 44. Rxg2 Bf3
45. Rf2 Rxf2 46. Ne7+ Kf8 47. Kxf2 Bb7 48. Nf5 Rb2+ 49. Kg3 Rb6 50. Kf4 Rf6 51.
Ke5 Re6+ 52. Kd4 Re4+ 53. Kd3 Re8 54. Ke2 Rc8 55. Re5 Ba6+ 56. Kf2 Rc7 57. Ra5
Bd3 58. Nd4 Ke7 59. Ke1 g6 60. Kd2 Bc4 61. a4 a6 62. e4 f6 63. Ke3 Kd6 64. Kf4
Rc5 65. Nb5+ axb5 66. axb5 Bxb5 67. Ra8 Bd7 68. Rh8 Rh5 69. Ra8 g5+ 70. Kg3 Ke5
71. Rd8 Be6 72. Re8 Rh3+ 73. Kg2 Re3 74. Rh8 Rh3 75. Re8 Rh4 76. Kf2 Rf4+ 77.
Kg2 Rxe4 78. Rh8 Rh4 0-1

[Event "CYCC U16 w"]
[Site "Hamilton CAN"]
[Date "2022.07.08"]
[Round "2.35"]
[White "Jiang, Kate"]
[Black "Qian, Jessica"]
[Result "1-0"]
[WhiteElo "1982"]
[BlackElo "1526"]
[PlyCount "109"]
[EventDate "2022.07.08"]
[EventType "swiss"]
[EventRounds "7"]
[EventCountry "CAN"]

1. e4 e5 2. Nf3 Nc6 3. Bb5 a6 4. Ba4 Nf6 5. O-O b5 6. Bb3 Bb7 7. Re1 Bc5 8. c3
d6 9. d3 O-O 10. Bg5 h6 11. Bh4 a5 12. Nbd2 Nb8 13. d4 exd4 14. cxd4 Bb4 15. a3
Bxd2 16. Qxd2 Re8 17. Qf4 Bxe4 18. Rxe4 Rxe4 19. Qxe4 Nxe4 20. Bxd8 Na6 21. Bh4
g5 22. Bg3 Re8 23. Re1 Kf8 24. Bd5 Nf6 25. Rxe8+ Nxe8 26. Bc6 b4 27. a4 f5 28.
h4 g4 29. Nd2 Nf6 30. Bf4 Kg7 31. Nc4 Nh5 32. Bd2 Nf6 33. Nxa5 Ne4 34. Be1 Nb8
35. Bxb4 Kf6 36. Be1 Ke6 37. d5+ Ke5 38. f3 gxf3 39. gxf3 Nc5 40. Bc3+ Kf4 41.
Kf2 Nd3+ 42. Ke2 Ne5 43. Bxe5+ dxe5 44. Bb5 Kg3 45. Nc4 e4 46. fxe4 fxe4 47. a5
Kxh4 48. a6 Nxa6 49. Bxa6 Kg3 50. Ke3 h5 51. Kxe4 h4 52. Bc8 h3 53. Bxh3 Kxh3
54. d6 cxd6 55. Nxd6 1-0

[Event "CYCC U16 w"]
[Site "Hamilton CAN"]
[Date "2022.07.08"]
[Round "2.36"]
[White "Jain, Ankita"]
[Black "Surya, Dania"]
[Result "0-1"]
[WhiteElo "1378"]
[BlackElo "1410"]
[PlyCount "128"]
[EventDate "2022.07.08"]
[EventType "swiss"]
[EventRounds "7"]
[EventCountry "CAN"]

1. e4 d5 2. exd5 Qxd5 3. Nc3 Qa5 4. Nf3 Nf6 5. d3 c6 6. Bf4 Bf5 7. Qd2 e6 8. a3
Nbd7 9. Be2 Be7 10. O-O O-O 11. b4 Qd8 12. Rfb1 Nb6 13. b5 Nfd5 14. Nxd5 cxd5
15. a4 Bf6 16. Bg5 Bxg5 17. Qxg5 Qxg5 18. Nxg5 f6 19. Nf3 e5 20. Nd2 Rac8 21.
Rb2 Rfd8 22. g4 Be6 23. Bf3 Rc7 24. Nf1 Rdc8 25. Bd1 d4 26. a5 Nd5 27. Rc1 Nc3
28. Bf3 Bd5 29. Kg2 Bxf3+ 30. Kxf3 Rc5 31. Nd2 Rxb5 32. Rxb5 Nxb5 33. Nc4 Nc3
34. Ra1 Rc5 35. Nd6 Rc7 36. Ra3 Rd7 37. Nc4 Kf8 38. Rb3 Ke8 39. g5 Kd8 40. gxf6
gxf6 41. Kg4 Kc7 42. Kf5 Nd5 43. Nd2 Rd6 44. Rb5 Ne7+ 45. Kg4 a6 46. Rb1 Nc6
47. Nc4 Rd5 48. Ra1 Rd8 49. Kf3 Nb4 50. Rc1 Kc6 51. Na3 Kd5 52. c4+ dxc3 53.
Rxc3 Rd7 54. Nc4 Kd4 55. Rb3 Nxd3 56. Ne3 e4+ 57. Kg2 Rg7+ 58. Kf1 Ke5 59. Rb6
f5 60. Nc4+ Kf4 61. Rf6 Ne5 62. Nd6 Rg5 63. Nxb7 Nf3 64. Ke2 Rg1 0-1

[Event "CYCC U16 w"]
[Site "Hamilton CAN"]
[Date "2022.07.09"]
[Round "3.33"]
[White "Guo, Veronica (Yu Han)"]
[Black "Tsukerman, Julia"]
[Result "0-1"]
[WhiteElo "1984"]
[BlackElo "1860"]
[PlyCount "116"]
[EventDate "2022.07.08"]
[EventType "swiss"]
[EventRounds "7"]
[EventCountry "CAN"]

1. d4 d5 2. Nf3 Nf6 3. e3 c5 4. b3 Nc6 5. Bd3 cxd4 6. exd4 Bg4 7. Bb2 e6 8.
Nbd2 Bd6 9. h3 Bh5 10. a3 Qc7 11. Qe2 Rd8 12. Rc1 Qb8 13. g4 Bg6 14. Ne5 Bxd3
15. cxd3 Rc8 16. f4 Ne7 17. O-O Rxc1 18. Rxc1 Qd8 19. Ndf3 O-O 20. Ng5 h6 21.
Ngf3 Nh7 22. Nh4 Re8 23. Re1 Nc6 24. Nhf3 Ne7 25. g5 Nf5 26. gxh6 Nxh6 27. Kh1
Qf6 28. Bc1 Nf5 29. Rg1 Nf8 30. Qf2 Qh6 31. Ng5 Re7 32. Ng4 Qh4 33. Qg2 Ng6 34.
Nf3 Qh8 35. Nge5 Ngh4 36. Nxh4 Qxh4 37. Nf3 Qh6 38. Qh2 Rc7 39. a4 Rc3 40. Ng5
Kf8 41. Qb2 Rc7 42. b4 Ke7 43. Re1 Qf6 44. Nf3 Ng3+ 45. Kg2 Nh5 46. b5 Nxf4+
47. Bxf4 Qxf4 48. Ne5 Qg5+ 49. Kh1 Qg3 50. Qe2 Qxh3+ 51. Kg1 Qg3+ 52. Kf1 Qf4+
53. Kg2 Bxe5 54. dxe5 Qxa4 55. Qh5 Qf4 56. Rf1 Rc2+ 57. Kg1 Qg3+ 58. Kh1 Qg2#
0-1

[Event "CYCC U16 w"]
[Site "Hamilton CAN"]
[Date "2022.07.09"]
[Round "3.34"]
[White "Geillon-Barral, Roween"]
[Black "Jiang, Kate"]
[Result "0-1"]
[WhiteElo "1066"]
[BlackElo "1982"]
[PlyCount "90"]
[EventDate "2022.07.08"]
[EventType "swiss"]
[EventRounds "7"]
[EventCountry "CAN"]

1. e4 e5 2. Nf3 Nc6 3. Bc4 Nf6 4. d3 Bc5 5. O-O d6 6. Nc3 Bg4 7. h3 Bh5 8. Be3
Bb6 9. Nd5 h6 10. c3 O-O 11. g4 Bg6 12. Nh4 Bh7 13. Nf5 Bxe3 14. fxe3 Nxd5 15.
Bxd5 Ne7 16. Bb3 a5 17. a4 c6 18. Ba2 Nxf5 19. exf5 Qb6 20. Qd2 d5 21. Kg2 Qd8
22. Qf2 Qf6 23. e4 Rad8 24. Rad1 Rd6 25. Qf3 Rfd8 26. exd5 cxd5 27. Qg3 Qe7 28.
Kg1 Kh8 29. Rfe1 f6 30. c4 d4 31. Rd2 Rb6 32. Qf3 Qb4 33. Qg2 Rc6 34. Rc1 Qxa4
35. Bb1 Rdc8 36. Qd5 Bg8 37. Qd7 Qb4 38. Re2 R6c7 39. Qb5 Qxb5 40. cxb5 Rxc1+
41. Kf2 Rxb1 42. Kf3 Bd5+ 43. Kf2 Rcc1 44. h4 Rg1 45. Rc2 Rg2# 0-1

[Event "CYCC U16 w"]
[Site "Hamilton CAN"]
[Date "2022.07.09"]
[Round "3.35"]
[White "Surya, Dania"]
[Black "Wang, Rachel"]
[Result "0-1"]
[WhiteElo "1410"]
[BlackElo "1850"]
[PlyCount "80"]
[EventDate "2022.07.08"]
[EventType "swiss"]
[EventRounds "7"]
[EventCountry "CAN"]

1. e4 c5 2. b3 Nc6 3. Bb2 d6 4. Bb5 Bd7 5. f4 a6 6. Bxc6 Bxc6 7. Qe2 e6 8. Nf3
Nf6 9. d3 Be7 10. Nbd2 O-O 11. O-O b5 12. Rae1 Re8 13. d4 b4 14. a4 bxa3 15.
Bxa3 cxd4 16. Nxd4 Qb6 17. Bb2 d5 18. Kh1 Bb7 19. e5 Ne4 20. Nxe4 dxe4 21. f5
Bc5 22. c3 Bxd4 23. cxd4 exf5 24. Rxf5 Qg6 25. Ref1 a5 26. Rxf7 Ba6 27. Qf2
Bxf1 28. Qxf1 Qxf7 29. Qxf7+ Kxf7 30. Kg1 Rac8 31. Ba3 Rc7 32. Bd6 Rc6 33. b4
axb4 34. Bxb4 Rb8 35. Be1 Rb1 36. Kf1 Rcc1 37. g4 Rxe1+ 38. Kf2 g5 39. Kg3 Rb3+
40. Kf2 Ra1 0-1

[Event "CYCC U16 w"]
[Site "Hamilton CAN"]
[Date "2022.07.09"]
[Round "3.36"]
[White "Qian, Jessica"]
[Black "Gilani, Mysha"]
[Result "1-0"]
[WhiteElo "1526"]
[BlackElo "1701"]
[PlyCount "81"]
[EventDate "2022.07.08"]
[EventType "swiss"]
[EventRounds "7"]
[EventCountry "CAN"]

1. e4 e5 2. Nf3 Nc6 3. Bc4 Bc5 4. c3 Nf6 5. d4 exd4 6. cxd4 Bb4+ 7. Bd2 Bxd2+
8. Nbxd2 d5 9. exd5 Nxd5 10. Qb3 Nce7 11. O-O O-O 12. Rfe1 c6 13. Ne5 Qb6 14.
Ndf3 Qxb3 15. Bxb3 h6 16. Rac1 Bf5 17. a4 Rad8 18. a5 a6 19. h3 Kh8 20. g4 Be6
21. Nd3 Ng6 22. Nc5 Ngf4 23. Kh2 Bc8 24. Kg3 Rd6 25. Re4 Rf6 26. Ne5 Rd8 27.
Rce1 g5 28. Nc4 Kg7 29. Ne3 h5 30. Nxd5 h4+ 31. Kh2 Nxd5 32. Kg2 Nf4+ 33. Kh2
Rfd6 34. Re7 Rxd4 35. Rxf7+ Kg6 36. Ree7 Rg8 37. Bc2+ Nd3 38. Bxd3+ Rxd3 39.
Nxd3 Kh6 40. Nc5 Rh8 41. Rf6# 1-0

[Event "CYCC U16 w"]
[Site "Hamilton CAN"]
[Date "2022.07.09"]
[Round "4.3"]
[White "Tsukerman, Julia"]
[Black "Jiang, Kate"]
[Result "1-0"]
[WhiteElo "1860"]
[BlackElo "1982"]
[PlyCount "155"]
[EventDate "2022.07.08"]
[EventType "swiss"]
[EventRounds "7"]
[EventCountry "CAN"]

1. e4 e5 2. Nf3 Nc6 3. Bb5 a6 4. Ba4 Nf6 5. d3 b5 6. Bb3 Be7 7. c3 d6 8. O-O
O-O 9. Nbd2 Nb8 10. Re1 Nbd7 11. Nf1 Bb7 12. Ng3 Nc5 13. Bc2 Re8 14. Nf5 Bf8
15. Bg5 h6 16. Bh4 g6 17. Ne3 Be7 18. b4 Ncd7 19. Bb3 Nh5 20. Bxe7 Qxe7 21. Nd5
Qd8 22. Qd2 Kg7 23. a4 Nhf6 24. axb5 axb5 25. Rxa8 Bxa8 26. Qa2 Nxd5 27. Bxd5
Rf8 28. Ra1 Nb6 29. Bxa8 Qxa8 30. Qxa8 Rxa8 31. Rxa8 Nxa8 32. Kf1 Nb6 33. Ke2
f5 34. Kd2 Kf6 35. Ne1 f4 36. f3 g5 37. g3 fxg3 38. hxg3 h5 39. Ng2 c6 40. Kc2
Nd7 41. d4 Nb6 42. Kd3 Nc4 43. Ke2 Nb2 44. Kd2 Na4 45. Kd3 Nb6 46. Ke3 Nd7 47.
Kd3 Nf8 48. f4 exf4 49. gxf4 h4 50. f5 Nd7 51. Ne3 Kf7 52. Ke2 Nf6 53. e5 dxe5
54. dxe5 Ne4 55. c4 h3 56. Kf3 Nd2+ 57. Kg3 Nxc4 58. Ng4 Nb2 59. e6+ Ke7 60.
Ne5 Nd1 61. Nxc6+ Ke8 62. Kxh3 Ne3 63. f6 Nd5 64. f7+ Kf8 65. Kg4 Nc7 66. Nd4
Nxe6 67. Nxe6+ Kxf7 68. Nd4 Kf6 69. Nxb5 Ke5 70. Na3 Kd5 71. Kxg5 Kd4 72. Kf5
Kd5 73. b5 Kd6 74. Ke4 Kc5 75. Ke5 Kb6 76. Kd6 Ka5 77. Kc6 Ka4 78. b6 1-0

[Event "CYCC U16 w"]
[Site "Hamilton CAN"]
[Date "2022.07.09"]
[Round "4.4"]
[White "Surya, Dania"]
[Black "Guo, Veronica (Yu Han)"]
[Result "0-1"]
[WhiteElo "1410"]
[BlackElo "1984"]
[PlyCount "104"]
[EventDate "2022.07.08"]
[EventType "swiss"]
[EventRounds "7"]
[EventCountry "CAN"]

1. e4 c6 2. d4 d5 3. f3 e6 4. e5 c5 5. Bb5+ Bd7 6. Bxd7+ Qxd7 7. c3 Nc6 8. f4
Nge7 9. Nf3 Rc8 10. Be3 Nf5 11. Bf2 cxd4 12. Nxd4 Nfxd4 13. Bxd4 Nxd4 14. Qxd4
Qb5 15. Qd2 Rc4 16. O-O Re4 17. b4 a5 18. a3 Qc4 19. Ra2 Be7 20. Qf2 O-O 21.
Rb2 Qd3 22. Rd2 Qb5 23. Rfd1 Bd8 24. Qf1 Bb6+ 25. Kh1 Qxf1+ 26. Rxf1 axb4 27.
cxb4 Be3 28. Re2 Rxf4 29. Rxf4 Bxf4 30. g3 Bg5 31. Kg2 Rc8 32. h4 Be7 33. Kf3
Kf8 34. Ke3 Ke8 35. Kd3 Kd7 36. Nc3 Rc4 37. Re3 f6 38. Ne2 fxe5 39. Rxe5 Bf6
40. Rh5 h6 41. Nf4 Rc3+ 42. Ke2 Rxg3 43. Nxd5 exd5 44. Rxd5+ Kc6 45. Rc5+ Kb6
46. a4 Rg4 47. Rb5+ Ka7 48. h5 Be7 49. Ra5+ Kb8 50. Re5 Bxb4 51. a5 Rg5 52.
Re8+ Ka7 0-1

[Event "CYCC U16 w"]
[Site "Hamilton CAN"]
[Date "2022.07.09"]
[Round "4.35"]
[White "Wang, Rachel"]
[Black "Gilani, Mysha"]
[Result "1-0"]
[WhiteElo "1850"]
[BlackElo "1701"]
[PlyCount "139"]
[EventDate "2022.07.08"]
[EventType "swiss"]
[EventRounds "7"]
[EventCountry "CAN"]

1. d4 Nf6 2. c4 e6 3. Nf3 d5 4. Bg5 Be7 5. e3 Nbd7 6. Nc3 h6 7. Bh4 a6 8. Rc1
O-O 9. Bd3 dxc4 10. Bxc4 b5 11. Bd3 Bb7 12. O-O c5 13. a4 b4 14. Nb1 cxd4 15.
Nxd4 a5 16. Bb5 Rc8 17. Nd2 Ne5 18. Bg3 Qd5 19. f3 Rxc1 20. Qxc1 Rc8 21. Qd1
Bc5 22. Bxe5 Qxe5 23. Nc4 Qg5 24. Qe2 Nd5 25. f4 Qf6 26. Nb3 Ba7 27. Nbxa5 Ba8
28. Kh1 Qg6 29. e4 Nf6 30. Nd6 Rc5 31. f5 Qg5 32. Nb3 Re5 33. Rc1 Nxe4 34. Rc8+
Kh7 35. Nxf7 Qxf5 36. Rh8+ Kg6 37. Qg4+ Ng5 38. Qxf5+ Rxf5 39. Nxg5 Bxg2+ 40.
Kxg2 Rf2+ 41. Kg3 Kxg5 42. h4+ Kg6 43. Be8+ Kf6 44. Rf8+ Ke7 45. Rxf2 Bxf2+ 46.
Kxf2 Kxe8 47. Ke3 Ke7 48. Ke4 g5 49. hxg5 hxg5 50. Nd4 Kd6 51. a5 e5 52. a6 Kc7
53. Ne6+ Kb6 54. Nxg5 Kxa6 55. Kxe5 Kb5 56. Kd4 Ka4 57. Kc4 b3 58. Ne6 Ka5 59.
Kxb3 Ka6 60. Kb4 Ka7 61. Kc5 Ka8 62. b4 Ka7 63. b5 Ka8 64. Kc6 Kb8 65. Nc5 Kc8
66. b6 Kb8 67. Nd7+ Ka8 68. b7+ Ka7 69. b8=Q+ Ka6 70. Qb6# 1-0

[Event "CYCC U16 w"]
[Site "Hamilton CAN"]
[Date "2022.07.09"]
[Round "4.36"]
[White "Jain, Ankita"]
[Black "Geillon-Barral, Roween"]
[Result "1-0"]
[WhiteElo "1378"]
[BlackElo "1066"]
[PlyCount "143"]
[EventDate "2022.07.08"]
[EventType "swiss"]
[EventRounds "7"]
[EventCountry "CAN"]

1. e4 e5 2. Nf3 Nc6 3. Bc4 Bc5 4. c3 d6 5. d3 Be6 6. Nbd2 Nf6 7. a4 a5 8. Bb5
O-O 9. O-O Ne7 10. Re1 c6 11. Bc4 Ng6 12. d4 exd4 13. cxd4 Bb6 14. Qb3 d5 15.
exd5 Nxd5 16. Ne4 Qc7 17. Be3 Ba7 18. Rac1 Qd7 19. Nc5 Bxc5 20. dxc5 Nxe3 21.
Rxe3 Rfe8 22. Rd1 Bxc4 23. Rxd7 Bxb3 24. Rxb3 Rad8 25. Rbxb7 h6 26. g3 Rxd7 27.
Rxd7 Ne5 28. Nxe5 Rxe5 29. Rd3 Rxc5 30. Kg2 Kf8 31. Kf3 Rc4 32. b3 Rb4 33. Ke3
Ke7 34. Kd2 Ke6 35. Kc3 c5 36. Rd8 Ke5 37. Rd7 Rd4 38. Rxf7 Kd5 39. Rxg7 Ke4
40. Rg4+ Ke5 41. Rxd4 cxd4+ 42. Kd3 Kd5 43. f4 h5 44. f5 Ke5 45. f6 Kxf6 46.
Kxd4 Kg5 47. h3 Kf5 48. g4+ hxg4 49. hxg4+ Kxg4 50. Kc5 Kf5 51. Kb5 Ke6 52.
Kxa5 Kd6 53. Kb6 Kd7 54. Kb7 Kd6 55. a5 Kc5 56. a6 Kb4 57. a7 Kxb3 58. a8=Q Kc3
59. Qa4 Kd3 60. Qb4 Ke3 61. Qc4 Kf3 62. Qd4 Ke2 63. Qc3 Kf2 64. Qd3 Kg2 65. Qe3
Kh2 66. Qf3 Kg1 67. Qe2 Kh1 68. Kc6 Kg1 69. Kd5 Kh1 70. Ke4 Kg1 71. Kf3 Kh1 72.
Qg2# 1-0

[Event "CYCC U16 w"]
[Site "Hamilton CAN"]
[Date "2022.07.10"]
[Round "5.33"]
[White "Tsukerman, Julia"]
[Black "Wang, Rachel"]
[Result "1/2-1/2"]
[WhiteElo "1860"]
[BlackElo "1850"]
[PlyCount "63"]
[EventDate "2022.07.08"]
[EventType "swiss"]
[EventRounds "7"]
[EventCountry "CAN"]

1. e4 c5 2. Nf3 Nc6 3. d4 cxd4 4. Nxd4 Nf6 5. Nc3 e5 6. Ndb5 d6 7. Bg5 a6 8.
Na3 b5 9. Nd5 Be7 10. Bxf6 Bxf6 11. c4 b4 12. Nc2 a5 13. g3 Bg5 14. h4 Bh6 15.
Bh3 Be6 16. Bxe6 fxe6 17. Qh5+ Kd7 18. Nde3 Bxe3 19. Nxe3 Qe8 20. Qg4 Qf7 21.
Nc2 Raf8 22. O-O h5 23. Qg5 Qf6 24. Qxf6 Rxf6 25. Rad1 Kc7 26. b3 a4 27. Rd3 a3
28. Rfd1 Rd8 29. Kg2 Rdf8 30. R1d2 Rd8 31. Rd1 Rdf8 32. R1d2 1/2-1/2

[Event "CYCC U16 w"]
[Site "Hamilton CAN"]
[Date "2022.07.10"]
[Round "5.34"]
[White "Jiang, Kate"]
[Black "Guo, Veronica (Yu Han)"]
[Result "0-1"]
[WhiteElo "1982"]
[BlackElo "1984"]
[PlyCount "150"]
[EventDate "2022.07.08"]
[EventType "swiss"]
[EventRounds "7"]
[EventCountry "CAN"]

1. e4 c6 2. d4 d5 3. Nc3 dxe4 4. Nxe4 Nf6 5. Nxf6+ exf6 6. Nf3 Bd6 7. Bd3 O-O
8. O-O Re8 9. h3 Nd7 10. c3 Nf8 11. Nh4 Be6 12. f4 c5 13. f5 Bd5 14. c4 Be4 15.
d5 Bg3 16. Nf3 Bxf3 17. Qxf3 Qd6 18. Kh1 Nd7 19. Qg4 Kh8 20. Bc2 Re7 21. Bd2
Rae8 22. Ba4 Be5 23. Rab1 Rc8 24. Bxd7 Qxd7 25. Rfe1 b6 26. b3 Rce8 27. Re4 Bc7
28. Rbe1 Qd6 29. g3 h6 30. Rxe7 Rxe7 31. Kg2 Rxe1 32. Bxe1 Qe5 33. Kf1 Qa1 34.
a4 Be5 35. Qf3 Qd4 36. Bf2 Qd2 37. g4 Kg8 38. Bg3 Qc1+ 39. Kg2 Qb2+ 40. Kf1
Qc1+ 41. Kg2 Kf8 42. Bxe5 fxe5 43. d6 Qd2+ 44. Kg1 Qxd6 45. Qa8+ Ke7 46. Qxa7+
Kf6 47. a5 bxa5 48. Qxa5 Qd1+ 49. Kh2 Qc2+ 50. Kg1 Qc1+ 51. Kg2 Qc2+ 52. Kg1
Qd1+ 53. Kg2 Qe2+ 54. Kh1 Qf1+ 55. Kh2 Qf2+ 56. Kh1 Kg5 57. b4 Qe1+ 58. Kh2
Qd2+ 59. Kg3 Qc3+ 60. Kg2 Qxb4 61. Qd8+ Kf4 62. Qd3 Qb2+ 63. Kh1 Qc1+ 64. Kh2
Qe1 65. f6 Qf2+ 66. Kh1 gxf6 67. Qf5+ Kg3 68. Qd3+ Qf3+ 69. Qxf3+ Kxf3 70. Kg1
Kg3 71. Kf1 Kxh3 72. Ke2 Kxg4 73. Ke3 Kf5 74. Kf3 h5 75. Ke3 h4 0-1

[Event "CYCC U16 w"]
[Site "Hamilton CAN"]
[Date "2022.07.10"]
[Round "5.35"]
[White "Jain, Ankita"]
[Black "Qian, Jessica"]
[Result "1-0"]
[WhiteElo "1378"]
[BlackElo "1526"]
[PlyCount "159"]
[EventDate "2022.07.08"]
[EventType "swiss"]
[EventRounds "7"]
[EventCountry "CAN"]

1. e4 e5 2. Nf3 Nc6 3. Bb5 a6 4. Ba4 Nf6 5. d3 b5 6. Bb3 Bb7 7. Bg5 h6 8. Bh4
Be7 9. Nbd2 d6 10. O-O g5 11. Bg3 Qd7 12. c4 Na5 13. cxb5 Nxb3 14. Qxb3 Qxb5
15. Rfc1 Rc8 16. Qxb5+ axb5 17. Nf1 Nh5 18. Ne3 Nf4 19. Bxf4 gxf4 20. Nf5 Bf6
21. Nd2 h5 22. Nb3 Kd7 23. Na5 Ba8 24. b4 Rhg8 25. f3 c5 26. bxc5 dxc5 27. Rab1
Bc6 28. Rxc5 Bd8 29. Rxc6 Rxc6 30. Nxc6 Kxc6 31. Rc1+ Kd7 32. Kf1 Bb6 33. Rc2
Ra8 34. Ke2 Bd4 35. Kd1 Ra3 36. Ke2 Ra8 37. g3 fxg3 38. hxg3 Rg8 39. Nxd4 exd4
40. Kf2 Ra8 41. f4 Ra3 42. Rd2 f6 43. Kf3 Ke6 44. g4 hxg4+ 45. Kxg4 Rc3 46. Kf3
Ra3 47. Ke2 Rc3 48. Rb2 Ra3 49. f5+ Kd6 50. Rxb5 Rxa2+ 51. Kf3 Ra3 52. Rd5+ Kc6
53. Rxd4 Ra1 54. Ke2 Ra2+ 55. Kd1 Rf2 56. Rc4+ Kd6 57. Rc2 Rf3 58. Kd2 Ke5 59.
Rc5+ Kd6 60. Rd5+ Ke7 61. Kc3 Rf1 62. Kd4 Ra1 63. Rc5 Ra7 64. Rc6 Rd7+ 65. Kc4
Kf7 66. d4 Ra7 67. Kd5 Rd7+ 68. Rd6 Ra7 69. e5 Ra5+ 70. Ke4 fxe5 71. dxe5 Ra4+
72. Rd4 Ra1 73. Rd7+ Ke8 74. e6 Re1+ 75. Kf4 Rf1+ 76. Kg5 Rg1+ 77. Kf6 Rf1 78.
Ra7 Kd8 79. e7+ Kc8 80. e8=Q# 1-0

[Event "CYCC U16 w"]
[Site "Hamilton CAN"]
[Date "2022.07.10"]
[Round "5.37"]
[White "Gilani, Mysha"]
[Black "Geillon-Barral, Roween"]
[Result "1-0"]
[WhiteElo "1701"]
[BlackElo "1066"]
[PlyCount "69"]
[EventDate "2022.07.08"]
[EventType "swiss"]
[EventRounds "7"]
[EventCountry "CAN"]

1. d4 d5 2. c4 dxc4 3. e4 e6 4. Nc3 Nf6 5. Bxc4 Nc6 6. Nge2 Be7 7. Bg5 O-O 8.
f3 h6 9. Bh4 Re8 10. Bg3 Nh5 11. Bf2 Bg5 12. h4 Be7 13. Qd2 e5 14. g4 Nf6 15.
g5 hxg5 16. hxg5 Nh7 17. g6 Ng5 18. Qxg5 Bxg5 19. gxf7+ Kf8 20. Rh8+ Ke7 21.
Rxe8+ Qxe8 22. fxe8=Q+ Kxe8 23. Bb5 Bd7 24. Bxc6 Bxc6 25. dxe5 Bd7 26. Nd5 c6
27. Nc7+ Kd8 28. Nxa8 Kc8 29. Rd1 Be6 30. a3 Kb8 31. Nd4 Bf7 32. e6 Be8 33. Nf5
Kxa8 34. e7 a6 35. Rd8# 1-0

[Event "CYCC U16 w"]
[Site "Hamilton CAN"]
[Date "2022.07.10"]
[Round "6.3"]
[White "Surya, Dania"]
[Black "Tsukerman, Julia"]
[Result "1/2-1/2"]
[WhiteElo "1410"]
[BlackElo "1860"]
[PlyCount "70"]
[EventDate "2022.07.08"]
[EventType "swiss"]
[EventRounds "7"]
[EventCountry "CAN"]

1. e4 c5 2. b3 Nc6 3. Bb2 d6 4. Bb5 Bd7 5. f4 e6 6. Nf3 a6 7. Bxc6 Bxc6 8. Nc3
Nf6 9. Qe2 Be7 10. O-O-O Qc7 11. d4 cxd4 12. Nxd4 O-O-O 13. g4 Rhg8 14. g5 Nd7
15. h4 g6 16. Nxc6 Qxc6 17. f5 Rdf8 18. f6 Bd8 19. Rh3 Nb6 20. Nd5 exd5 21. Rc3
Nc4 22. exd5 Qd7 23. Rxc4+ Kb8 24. Re4 Rh8 25. Re1 h6 26. Re7 Qf5 27. gxh6 Rxh6
28. Re8 Rhh8 29. Rxf8 Rxf8 30. Qe4 Qf2 31. Bd4 Qg3 32. Rg1 Qh2 33. Rh1 Qg3 34.
Rg1 Qh2 35. Rh1 Qg3 1/2-1/2